| 000 | 00875nam a2200193 i 4500 | ||
|---|---|---|---|
| 001 | 164027 | ||
| 003 | ES-MaACL | ||
| 005 | 20230906212846.0 | ||
| 008 | 990714s1875 fr a |||| | fre d | ||
| 040 |
_aM-RAF _bspa _cM-RAF _dCCPB | B |
||
| 100 | 1 |
_aRousselet, Louis. _9132111 |
|
| 245 | 1 | 2 |
_aL'Inde des Rajahs _b: voyage dans L'Inde centrale et dans les présidences de Bombay et du Bengale / _cpar Louis Rousselet. |
| 260 |
_aParís : _bLibrairie Hachette, _c1875. |
||
| 300 |
_a807 p., [26] h. de lám., 6 map. : _bil. ; _c35 cm. |
||
| 500 | _aEn port.: ouvrage contenant 317 gravures sur bois dessinées par nos plus célèbres artistes et six cartes. | ||
| 650 | 0 | 4 |
_aIndia- _xDescripción. _9223940 |
| 852 |
_aES-MaACL _jC-1779 _z-- Enc. editorial, tela roja grabada, cantos dorados _z.- Sello: "Testamentaría de Rafael Monleón, año 1900" |
||
| 999 |
_c164027 _d164027 |
||